[Event "Wch Juvenil 2013 sub-14"]
[Site "Al-Ain UAE"]
[Date "2013.12.18"]
[Round "1.25"]
[White "Perske, Thore"]
[Black "Naotunna, Dineth Nimnaka"]
[Result "1-0"]
[WhiteElo "2164"]
[BlackElo "1759"]
[PlyCount "37"]
[EventDate "2013.12.19"]
[EventType "swiss"]
[EventRounds "11"]
[EventCountry "UAE"]
[Source "lmi"]
[SourceDate "2013.12.19"]

1. e4 d5 2. exd5 Qxd5 3. Nc3 Qa5 4. d4 Nf6 5. Bd2 c6 6. Bc4 Bg4 7. f3 Bh5 8. g4
Bg6 9. f4 e6 10. Qe2 Be7 11. f5 exf5 12. g5 Bh5 13. Nf3 Nfd7 14. Nb5 Qb6 15.
Nd6+ Kd8 16. Nxf5 Bf8 17. O-O-O g6 18. Bxf7 gxf5 19. Qe8+ 1-0

[Event "Wch Juvenil 2013 sub-14"]
[Site "Al-Ain UAE"]
[Date "2013.12.18"]
[Round "1.26"]
[White "Cerniauskas, Markas"]
[Black "Lopez Mulet, Iñigo"]
[Result "0-1"]
[WhiteElo "1756"]
[BlackElo "2151"]
[PlyCount "104"]
[EventDate "2013.12.19"]
[EventType "swiss"]
[EventRounds "11"]
[EventCountry "UAE"]
[Source "lmi"]
[SourceDate "2013.12.19"]

1. d4 Nf6 2. c4 c5 3. d5 b5 4. Nd2 e6 5. e4 bxc4 6. dxe6 dxe6 7. Bxc4 Bb7 8.
Bb5+ Nbd7 9. f3 a6 10. Ba4 Be7 11. Nc4 O-O 12. Ne2 Qc7 13. Be3 Rfd8 14. Qc2 Nh5
15. O-O Nb6 16. Na5 Nxa4 17. Qxa4 Rd3 18. Rfd1 Rxe3 19. Rd7 Bc6 20. Qxc6 Qxc6
21. Nxc6 Rxe2 22. Nxe7+ Kf8 23. Rb7 Nf4 24. g3 Nh3+ 25. Kh1 f6 26. Nc6 Rc8 27.
Rb8 Rxb8 28. Nxb8 Rxb2 29. Nxa6 Nf2+ 30. Kg1 Nd3 31. a4 c4 32. Nc7 c3 33. Nxe6+
Ke7 34. Nd4 c2 35. Nxc2 Rxc2 36. a5 Rc7 37. Rd1 Nb4 38. Rd4 Nc6 39. Rd5 Ra7 40.
Rd2 Rxa5 41. Rb2 Kf7 42. Rb7+ Kg6 43. Kg2 Ra2+ 44. Kh3 Nd4 45. f4 Nf3 46. f5+
Kh6 47. g4 Ng5+ 48. Kg3 Nxe4+ 49. Kf4 Ra4 50. Kf3 Nd2+ 51. Kg3 Nf1+ 52. Kg2
Ne3+ 0-1

[Event "Wch Juvenil 2013 sub-14"]
[Site "Al-Ain UAE"]
[Date "2013.12.18"]
[Round "1.27"]
[White "Thybo, Jesper Sondergaard"]
[Black "Yasser, Mark"]
[Result "1-0"]
[WhiteElo "2147"]
[BlackElo "1750"]
[PlyCount "65"]
[EventDate "2013.12.19"]
[EventType "swiss"]
[EventRounds "11"]
[EventCountry "UAE"]
[Source "lmi"]
[SourceDate "2013.12.19"]

1. d4 d5 2. c4 c6 3. Nf3 Nf6 4. e3 a6 5. Bd3 b5 6. b3 Bg4 7. Nbd2 e6 8. O-O Bh5
9. Bb2 Bg6 10. Qc2 Bxd3 11. Qxd3 Be7 12. e4 dxc4 13. bxc4 O-O 14. Rfe1 Nbd7 15.
e5 Ne8 16. Bc3 a5 17. Rab1 Nc7 18. a4 bxc4 19. Nxc4 Nd5 20. Bd2 Nb4 21. Qe4 h6
22. Red1 Qc7 23. Rb3 Rfb8 24. Qg4 Kf8 25. Nh4 g5 26. Nf3 Nb6 27. Nxb6 Rxb6 28.
h4 gxh4 29. Bxh6+ Ke8 30. Rxb4 Rxb4 31. Qg8+ Kd7 32. Qxa8 h3 33. Qg8 1-0

[Event "Wch Juvenil 2013 sub-14"]
[Site "Al-Ain UAE"]
[Date "2013.12.18"]
[Round "1.28"]
[White "Noori, Sabah Nori"]
[Black "Litvinov, Maxim"]
[Result "0-1"]
[WhiteElo "1742"]
[BlackElo "2144"]
[PlyCount "72"]
[EventDate "2013.12.19"]
[EventType "swiss"]
[EventRounds "11"]
[EventCountry "UAE"]
[Source "lmi"]
[SourceDate "2013.12.19"]

1. d4 d5 2. Nf3 Nf6 3. Bf4 Bf5 4. e3 e6 5. Bd3 Ne4 6. c3 c6 7. Qc2 Nd7 8. Nbd2
Ndf6 9. Ng5 Nxd2 10. Qxd2 h6 11. Nf3 Ne4 12. Qc2 g5 13. Bg3 h5 14. h3 Nxg3 15.
fxg3 Bxd3 16. Qxd3 Bd6 17. O-O-O Bxg3 18. e4 dxe4 19. Qxe4 Qd5 20. Qxd5 cxd5
21. Kc2 Rg8 22. Ne5 Ke7 23. Rhf1 f5 24. Rd3 h4 25. Re3 Raf8 26. Nd3 b6 27. Nf2
g4 28. Nh1 Bd6 29. Rfe1 Rf6 30. R1e2 f4 31. Rd3 f3 32. gxf3 g3 33. Rg2 Rgf8 34.
f4 Rxf4 35. Rd1 Rf1 36. Nf2 R1xf2+ 0-1

[Event "Wch Juvenil 2013 sub-14"]
[Site "Al-Ain UAE"]
[Date "2013.12.18"]
[Round "1.29"]
[White "Asgharzadeh, M.Reza"]
[Black "Kolver, Chris"]
[Result "1-0"]
[WhiteElo "2143"]
[BlackElo "1737"]
[PlyCount "59"]
[EventDate "2013.12.19"]
[EventType "swiss"]
[EventRounds "11"]
[EventCountry "UAE"]
[Source "lmi"]
[SourceDate "2013.12.19"]

1. d4 Nf6 2. c4 e6 3. Nc3 Bb4 4. e3 O-O 5. Bd3 Bxc3+ 6. bxc3 d6 7. Ne2 Nbd7 8.
O-O e5 9. Ng3 Re8 10. Qc2 g6 11. f4 Nf8 12. fxe5 dxe5 13. e4 N6d7 14. c5 Ne6
15. Qf2 Qe7 16. Bc4 Qf8 17. Bh6 Qe7 18. d5 Ndxc5 19. dxe6 Bxe6 20. Bxe6 Nxe6
21. Rad1 c6 22. Rd3 b6 23. Rf3 Nd8 24. Nf5 Qc7 25. Ne3 Rb8 26. Ng4 Re6 27. Qh4
b5 28. Nf6+ Kh8 29. Bf8 h5 30. Qg5 1-0

[Event "Wch Juvenil 2013 sub-14"]
[Site "Al-Ain UAE"]
[Date "2013.12.18"]
[Round "1.30"]
[White "Absaridze, Gigi"]
[Black "Liu, Xiangyi"]
[Result "0-1"]
[WhiteElo "1726"]
[BlackElo "2136"]
[PlyCount "92"]
[EventDate "2013.12.19"]
[EventType "swiss"]
[EventRounds "11"]
[EventCountry "UAE"]
[Source "lmi"]
[SourceDate "2013.12.19"]

1. e4 e6 2. d4 d5 3. exd5 Qxd5 4. Nf3 Nf6 5. Bd3 c5 6. Nc3 Qd8 7. O-O Nc6 8.
dxc5 Bxc5 9. Bg5 h6 10. Bh4 O-O 11. Re1 Nb4 12. Be4 Qxd1 13. Rexd1 g5 14. Bg3
Be7 15. Bd3 Nh5 16. Bc7 Nxd3 17. Rxd3 b6 18. Rad1 Bb7 19. h3 Bf6 20. g3 Rac8
21. Bd6 Rfd8 22. Be5 Rxd3 23. Rxd3 Bd8 24. Nd4 a6 25. Nde2 f6 26. Bd6 Ng7 27.
Rd2 Nf5 28. Ba3 b5 29. Nd4 Nxd4 30. Rxd4 Bc6 31. Bc5 Kf7 32. b4 Bc7 33. Rd3 e5
34. Kf1 Ke6 35. a3 f5 36. Rd2 Bb8 37. Nd1 f4 38. c3 e4 39. g4 h5 40. Nb2 hxg4
41. hxg4 Rh8 42. Kg1 e3 43. fxe3 Rh1+ 44. Kf2 f3 45. Nd3 Rh2+ 46. Ke1 Bg3+ 0-1

[Event "Wch Juvenil 2013 sub-14"]
[Site "Al-Ain UAE"]
[Date "2013.12.18"]
[Round "1.31"]
[White "Tomczak, Mikolaj"]
[Black "Lynch, Justin"]
[Result "1-0"]
[WhiteElo "2133"]
[BlackElo "1725"]
[PlyCount "39"]
[EventDate "2013.12.19"]
[EventType "swiss"]
[EventRounds "11"]
[EventCountry "UAE"]
[Source "lmi"]
[SourceDate "2013.12.19"]

1. e4 c5 2. Nf3 e6 3. d4 cxd4 4. Nxd4 a6 5. Nc3 Qc7 6. g3 b5 7. Bg2 Bb7 8. O-O
Nf6 9. Re1 d6 10. a4 b4 11. Na2 d5 12. exd5 Bxd5 13. Bxd5 Nxd5 14. Nxe6 fxe6
15. Qxd5 Ra7 16. Rxe6+ Be7 17. Bf4 Qd7 18. Qh5+ Kf8 19. Qf5+ Bf6 20. Rxf6+ 1-0

[Event "Wch Juvenil 2013 sub-14"]
[Site "Al-Ain UAE"]
[Date "2013.12.18"]
[Round "1.33"]
[White "Nikitenko, Mihail"]
[Black "Nero, Georg"]
[Result "1-0"]
[WhiteElo "2125"]
[BlackElo "1706"]
[PlyCount "67"]
[EventDate "2013.12.19"]
[EventType "swiss"]
[EventRounds "11"]
[EventCountry "UAE"]
[Source "lmi"]
[SourceDate "2013.12.19"]

1. e4 c6 2. d4 d5 3. Nc3 dxe4 4. Nxe4 Bf5 5. Ng3 Bg6 6. h4 h6 7. Nf3 Nd7 8. h5
Bh7 9. Bd3 Bxd3 10. Qxd3 Ngf6 11. Bd2 e6 12. O-O-O Bd6 13. Ne4 Nxe4 14. Qxe4
Nf6 15. Qe2 Qb6 16. c4 Qa6 17. Kb1 b5 18. c5 Bc7 19. g4 O-O-O 20. g5 hxg5 21.
Bxg5 Qa4 22. h6 Rde8 23. hxg7 Rxh1 24. Rxh1 Ng8 25. Rh8 Bd8 26. Qc2 Qb4 27. Bd2
Qa4 28. b3 Qa6 29. Ne5 Qb7 30. Qh7 Qe7 31. Rxg8 Rxg8 32. Qxg8 Qh4 33. Qxf7 Qe4+
34. Kc1 1-0

[Event "Wch Juvenil 2013 sub-14"]
[Site "Al-Ain UAE"]
[Date "2013.12.18"]
[Round "1.34"]
[White "Sadubayev, Airat"]
[Black "Xu, Minghui"]
[Result "1-0"]
[WhiteElo "1706"]
[BlackElo "2121"]
[PlyCount "65"]
[EventDate "2013.12.19"]
[EventType "swiss"]
[EventRounds "11"]
[EventCountry "UAE"]
[Source "lmi"]
[SourceDate "2013.12.19"]

1. e4 c5 2. Nf3 d6 3. d4 cxd4 4. Nxd4 Nf6 5. Nc3 a6 6. Be2 e6 7. Be3 Qc7 8. g4
h6 9. h4 b5 10. a3 Bb7 11. f3 Nbd7 12. Rg1 g6 13. g5 hxg5 14. hxg5 Nh5 15. Qd2
Nc5 16. Nb3 Nxb3 17. cxb3 Bg7 18. Bxb5+ axb5 19. Nxb5 Qe7 20. Rc1 O-O 21. Rc7
Qe8 22. Nxd6 Qd8 23. Rxb7 Ra6 24. Nc4 Qc8 25. Qd7 Qa8 26. Bc5 f5 27. Bxf8 Qxf8
28. Rc7 Ra8 29. Qxe6+ Kh7 30. Ne5 fxe4 31. Qxg6+ Kg8 32. Qxh5 Re8 33. Rh1 1-0

[Event "Wch Juvenil 2013 sub-14"]
[Site "Al-Ain UAE"]
[Date "2013.12.18"]
[Round "1.35"]
[White "Chow, Colin"]
[Black "Bennett, Owen"]
[Result "1-0"]
[WhiteElo "2114"]
[BlackElo "1695"]
[PlyCount "57"]
[EventDate "2013.12.19"]
[EventType "swiss"]
[EventRounds "11"]
[EventCountry "UAE"]
[Source "lmi"]
[SourceDate "2013.12.19"]

1. e4 c5 2. Nf3 e6 3. d4 cxd4 4. Nxd4 Nf6 5. Nc3 Nc6 6. Ndb5 Bb4 7. a3 Bxc3+ 8.
Nxc3 d5 9. exd5 exd5 10. Bd3 Bg4 11. f3 Be6 12. O-O O-O 13. Ne2 Re8 14. b3 Qb6+
15. Kh1 Nd7 16. Bb2 Rad8 17. Nd4 Kh8 18. Nxe6 fxe6 19. f4 Nf6 20. Qe1 d4 21.
Qh4 h6 22. Bg6 Re7 23. Bc1 Ng8 24. f5 Rd5 25. f6 gxf6 26. Bxh6 Nxh6 27. Qxh6+
Kg8 28. Rxf6 Qd8 29. Bf7+ 1-0

[Event "Wch Juvenil 2013 sub-14"]
[Site "Al-Ain UAE"]
[Date "2013.12.18"]
[Round "1.36"]
[White "Ho, Jei-Chen"]
[Black "Meunier, Clement"]
[Result "0-1"]
[WhiteElo "1694"]
[BlackElo "2113"]
[PlyCount "60"]
[EventDate "2013.12.19"]
[EventType "swiss"]
[EventRounds "11"]
[EventCountry "UAE"]
[Source "lmi"]
[SourceDate "2013.12.19"]

1. d4 Nf6 2. c4 g6 3. Nc3 Bg7 4. e4 d6 5. Nf3 O-O 6. Be2 e5 7. O-O Nc6 8. d5
Ne7 9. b4 Nd7 10. Re1 h6 11. a4 f5 12. Ba3 Nf6 13. Nd2 f4 14. c5 g5 15. Nc4 g4
16. cxd6 cxd6 17. f3 g3 18. h3 Ng6 19. Bf1 Nh4 20. b5 Ne8 21. Re2 Bxh3 22. gxh3
Nxf3+ 23. Kh1 Ng5 24. Qd3 f3 25. Rc2 g2+ 26. Bxg2 fxg2+ 27. Rxg2 Rf3 28. Ne3
Qc8 29. Raa2 Rxh3+ 30. Kg1 Nf3+ 0-1

[Event "Wch Juvenil 2013 sub-14"]
[Site "Al-Ain UAE"]
[Date "2013.12.18"]
[Round "1.37"]
[White "Panchanatham, Vignesh"]
[Black "Kuruppu, Supun Dasantha"]
[Result "1-0"]
[WhiteElo "2111"]
[BlackElo "1692"]
[PlyCount "61"]
[EventDate "2013.12.19"]
[EventType "swiss"]
[EventRounds "11"]
[EventCountry "UAE"]
[Source "lmi"]
[SourceDate "2013.12.19"]

1. e4 c5 2. Nf3 d6 3. d4 cxd4 4. Nxd4 Nf6 5. Nc3 a6 6. Be3 e6 7. f3 b5 8. Qd2
Bb7 9. O-O-O Nbd7 10. g4 Nb6 11. h4 Nfd7 12. Qf2 Be7 13. g5 Rc8 14. Bh3 b4 15.
Nce2 Nc5 16. Nb3 Nxb3+ 17. axb3 Nd7 18. Kb1 O-O 19. Rhg1 d5 20. h5 dxe4 21. g6
f5 22. Nf4 Rf6 23. gxh7+ Kh8 24. Qg2 Bf8 25. Ng6+ Kxh7 26. Nxf8+ Qxf8 27. Rxd7
exf3 28. Qxg7+ Qxg7 29. Rgxg7+ Kh8 30. Rh7+ Kg8 31. h6 1-0

[Event "Wch Juvenil 2013 sub-14"]
[Site "Al-Ain UAE"]
[Date "2013.12.18"]
[Round "1.38"]
[White "Tavzarashvili, Giorgi"]
[Black "Acsinte, Matei-Ionut"]
[Result "0-1"]
[WhiteElo "1692"]
[BlackElo "2094"]
[PlyCount "90"]
[EventDate "2013.12.19"]
[EventType "swiss"]
[EventRounds "11"]
[EventCountry "UAE"]
[Source "lmi"]
[SourceDate "2013.12.19"]

1. e4 c5 2. Nc3 Nc6 3. g3 g6 4. Bg2 Bg7 5. Nge2 d6 6. d3 e6 7. O-O Nge7 8. f4
O-O 9. Be3 Nd4 10. Qd2 Rb8 11. Nd1 b5 12. c3 Nxe2+ 13. Qxe2 b4 14. Rc1 Qa5 15.
cxb4 cxb4 16. b3 Ba6 17. Nf2 Bb5 18. g4 f5 19. e5 dxe5 20. Bc5 Rbe8 21. fxe5
Rf7 22. Rfe1 Nd5 23. Qd2 Qd8 24. Bxd5 Qxd5 25. Bxb4 Bc6 26. Rxc6 Qxc6 27. d4
Bf8 28. Bxf8 Rexf8 29. Rc1 Qb6 30. gxf5 gxf5 31. Rc4 Rg7+ 32. Kf1 Qb7 33. d5
Qxd5 34. Qxd5 exd5 35. Rc5 Rd8 36. Nd3 Rg4 37. Kf2 Rd4 38. Ke3 Re4+ 39. Kf3 d4
40. Nf2 d3 41. Rc1 d2 42. Rd1 Rxe5 43. Kf4 Re1 44. Kf3 Rxd1 45. Nxd1 Re8 0-1

[Event "Wch Juvenil 2013 sub-14"]
[Site "Al-Ain UAE"]
[Date "2013.12.18"]
[Round "1.39"]
[White "Muthaiah, Al"]
[Black "Kenenbaev, Aidar"]
[Result "1-0"]
[WhiteElo "2092"]
[BlackElo "1680"]
[PlyCount "69"]
[EventDate "2013.12.19"]
[EventType "swiss"]
[EventRounds "11"]
[EventCountry "UAE"]
[Source "lmi"]
[SourceDate "2013.12.19"]

1. Nf3 Nf6 2. d4 g6 3. Bf4 Bg7 4. Nbd2 d6 5. e4 O-O 6. Bc4 Nbd7 7. O-O Nh5 8.
Be3 e5 9. c3 c6 10. a4 a5 11. Qb3 h6 12. Rad1 Qc7 13. dxe5 dxe5 14. Nh4 Qd6 15.
Ndf3 Qf6 16. Qa3 Kh7 17. Rd6 Qe7 18. Nf5 Qe8 19. Nxg7 Kxg7 20. Rfd1 Ndf6 21.
Bb6 Bg4 22. Rd8 Rxd8 23. Rxd8 Qxd8 24. Bxd8 Rxd8 25. Be2 Nf4 26. Kf1 Nxe4 27.
Qe7 Ne6 28. Nxe5 Bxe2+ 29. Kxe2 Nd6 30. g3 Kg8 31. f4 h5 32. Kf3 Kg7 33. h3 Kh6
34. g4 hxg4+ 35. hxg4 1-0

[Event "Wch Juvenil 2013 sub-14"]
[Site "Al-Ain UAE"]
[Date "2013.12.18"]
[Round "1.40"]
[White "Thilakarathne, G M S."]
[Black "Li, Di"]
[Result "0-1"]
[WhiteElo "1674"]
[BlackElo "2091"]
[PlyCount "116"]
[EventDate "2013.12.19"]
[EventType "swiss"]
[EventRounds "11"]
[EventCountry "UAE"]
[Source "lmi"]
[SourceDate "2013.12.19"]

1. e4 c5 2. Nf3 Nc6 3. d4 cxd4 4. Nxd4 Qc7 5. Nxc6 bxc6 6. Bd3 Nf6 7. c4 e5 8.
Nc3 Bc5 9. O-O d6 10. h3 Rb8 11. Qe2 Bd4 12. Rb1 Be6 13. Be3 Bxc3 14. bxc3 c5
15. f4 O-O 16. f5 Rxb1 17. Rxb1 Bc8 18. Bg5 Nd7 19. f6 Nxf6 20. Bxf6 gxf6 21.
Rf1 Qe7 22. Qe3 Kg7 23. Qg3+ Kh8 24. Qh4 Rg8 25. Kh1 Be6 26. Qxf6+ Qxf6 27.
Rxf6 Rg3 28. Rf3 Rxf3 29. gxf3 Bxh3 30. Kh2 Be6 31. Kg3 Kg7 32. f4 exf4+ 33.
Kxf4 Kf6 34. Be2 h6 35. a3 a6 36. Bh5 Bxc4 37. Bf3 a5 38. Bd1 Be6 39. Bf3 Kg6
40. e5 d5 41. Be2 h5 42. Bd3+ Kh6 43. Bf5 h4 44. Bd3 h3 45. Kg3 Kg5 46. a4 d4
47. cxd4 cxd4 48. Bb5 Bf5 49. Be8 Bg6 50. Kxh3 d3 51. Bb5 d2 52. Be2 Bh5 53. e6
fxe6 54. Bxh5 Kxh5 55. Kg3 d1=Q 56. Kh2 Kg4 57. Kg2 Qe2+ 58. Kg1 Kg3 0-1

[Event "Wch Juvenil 2013 sub-14"]
[Site "Al-Ain UAE"]
[Date "2013.12.18"]
[Round "1.41"]
[White "Shahaliyev, Ismayil Bahram"]
[Black "Ahmed, Qutayba Yunis"]
[Result "1-0"]
[WhiteElo "2091"]
[BlackElo "1663"]
[PlyCount "73"]
[EventDate "2013.12.19"]
[EventType "swiss"]
[EventRounds "11"]
[EventCountry "UAE"]
[Source "lmi"]
[SourceDate "2013.12.19"]

1. e4 c5 2. Nf3 Nc6 3. Nc3 d6 4. d4 cxd4 5. Nxd4 g6 6. Be3 Bg7 7. Qd2 Nf6 8. f3
O-O 9. O-O-O a6 10. h4 Nxd4 11. Bxd4 Nh5 12. g4 Bxd4 13. Qxd4 Ng3 14. Rg1 Nxf1
15. Rgxf1 Qa5 16. Nd5 e5 17. Nf6+ Kg7 18. Qxd6 Be6 19. Nd5 Rae8 20. Qxe5+ f6
21. Qc7+ Qxc7 22. Nxc7 Re7 23. Nxe6+ Rxe6 24. Rd7+ Rf7 25. Rfd1 Ree7 26. Rxe7
Rxe7 27. Rd5 Kf7 28. Kd2 Rc7 29. a4 Ke6 30. Kd3 Rc6 31. b4 Rb6 32. b5 Rd6 33.
Rxd6+ Kxd6 34. bxa6 bxa6 35. Kd4 g5 36. hxg5 fxg5 37. e5+ 1-0

[Event "Wch Juvenil 2013 sub-14"]
[Site "Al-Ain UAE"]
[Date "2013.12.18"]
[Round "1.42"]
[White "Garcia Herrera, Enrique Ric"]
[Black "Kozusek, Daniel"]
[Result "0-1"]
[WhiteElo "1662"]
[BlackElo "2090"]
[PlyCount "56"]
[EventDate "2013.12.19"]
[EventType "swiss"]
[EventRounds "11"]
[EventCountry "UAE"]
[Source "lmi"]
[SourceDate "2013.12.19"]

1. Nf3 d5 2. c4 dxc4 3. Qa4+ c6 4. Qxc4 b5 5. Qc2 Bb7 6. g3 Nf6 7. Bg2 Nbd7 8.
d4 e6 9. Nc3 Be7 10. O-O O-O 11. Bf4 Nb6 12. Rfd1 Rc8 13. Rac1 Qe8 14. Qb3 a5
15. Ne5 Ba6 16. Ne4 Nxe4 17. Bxe4 c5 18. dxc5 Bxc5 19. Nd3 a4 20. Nxc5 axb3 21.
Bd6 bxa2 22. Nxa6 Rxc1 23. Rxc1 Nc4 24. Nc5 h6 25. Bxf8 Qxf8 26. b4 f5 27. Bd3
Qf6 28. Nb3 Qb2 0-1

[Event "Wch Juvenil 2013 sub-14"]
[Site "Al-Ain UAE"]
[Date "2013.12.18"]
[Round "1.43"]
[White "Petrov, Vladimir Sergeev"]
[Black "Modi, Sachin"]
[Result "1-0"]
[WhiteElo "2076"]
[BlackElo "1658"]
[PlyCount "75"]
[EventDate "2013.12.19"]
[EventType "swiss"]
[EventRounds "11"]
[EventCountry "UAE"]
[Source "lmi"]
[SourceDate "2013.12.19"]

1. e4 c5 2. Nf3 Nc6 3. d4 cxd4 4. Nxd4 g6 5. Nc3 Bg7 6. Be3 Nf6 7. Bc4 Qa5 8.
O-O O-O 9. Nb3 Qd8 10. f4 d6 11. Be2 Na5 12. e5 dxe5 13. Qxd8 Rxd8 14. Nxa5
exf4 15. Bxf4 Bg4 16. Nxb7 Bxe2 17. Nxe2 Rd5 18. c4 Rd7 19. Nc5 Rdd8 20. Rfd1
Rdc8 21. b4 Nh5 22. Rac1 Nxf4 23. Nxf4 Bh6 24. Nd5 Bxc1 25. Rxc1 Kf8 26. Na6
Rd8 27. Ndc7 Rac8 28. c5 Rd7 29. Nb5 Rb7 30. a4 Rc6 31. Nbc7 Rbxc7 32. Nxc7
Rxc7 33. b5 Ke8 34. c6 Kd8 35. a5 e6 36. b6 axb6 37. axb6 Re7 38. c7+ 1-0

[Event "Wch Juvenil 2013 sub-14"]
[Site "Al-Ain UAE"]
[Date "2013.12.18"]
[Round "1.44"]
[White "Khadka, Mahesh"]
[Black "Puccini, Jack"]
[Result "0-1"]
[WhiteElo "1655"]
[BlackElo "2073"]
[PlyCount "116"]
[EventDate "2013.12.19"]
[EventType "swiss"]
[EventRounds "11"]
[EventCountry "UAE"]
[Source "lmi"]
[SourceDate "2013.12.19"]

1. e4 c5 2. Nf3 d6 3. d4 cxd4 4. Nxd4 Nf6 5. Nc3 a6 6. Bg5 Nbd7 7. f4 Qc7 8.
Nb3 b5 9. a3 Bb7 10. Bd3 e6 11. O-O Be7 12. Qd2 O-O 13. Rae1 Rfe8 14. Rf3 h6
15. Bh4 Nxe4 16. Bxe4 Bxh4 17. g3 Be7 18. Rd3 Rac8 19. Qg2 Bxe4 20. Qxe4 d5 21.
Qe2 Nc5 22. Nxc5 Bxc5+ 23. Kf1 Qc6 24. Nd1 a5 25. c3 b4 26. axb4 axb4 27. Nf2
Qb7 28. Rc1 Ba7 29. Ra1 bxc3 30. Rxc3 Bd4 31. Rxc8 Rxc8 32. Nd3 Qb3 33. Ra3 Qb5
34. Kg2 Bxb2 35. Qxb2 Qxb2+ 36. Nxb2 Rc2+ 37. Kf3 Rxb2 38. h4 g6 39. g4 Kg7 40.
g5 Rb7 41. Re3 Re7 42. Kg4 Rd7 43. Rf3 Rc7 44. Rd3 hxg5 45. hxg5 f6 46. Re3 Kf7
47. Kg3 Rc1 48. Rb3 Rg1+ 49. Kh4 fxg5+ 50. fxg5 Ke7 51. Rb7+ Kd6 52. Rg7 d4 53.
Rxg6 d3 54. Rg8 Kc7 55. Rg7+ Kc6 56. Rg8 d2 57. Rd8 d1=Q 58. Rxd1 Rxd1 0-1

[Event "Wch Juvenil 2013 sub-14"]
[Site "Al-Ain UAE"]
[Date "2013.12.18"]
[Round "1.45"]
[White "Boldoo, Erdenepurev"]
[Black "Fidrilakis, Stavros"]
[Result "1/2-1/2"]
[WhiteElo "2072"]
[BlackElo "1629"]
[PlyCount "93"]
[EventDate "2013.12.19"]
[EventType "swiss"]
[EventRounds "11"]
[EventCountry "UAE"]
[Source "lmi"]
[SourceDate "2013.12.19"]

1. d4 Nf6 2. c4 e6 3. Nc3 Bb4 4. Bg5 c5 5. Rc1 d6 6. e3 Nbd7 7. a3 Bxc3+ 8.
Rxc3 h6 9. Bxf6 Nxf6 10. Bd3 e5 11. Ne2 O-O 12. O-O e4 13. Bb1 Bg4 14. Qc2 Bxe2
15. Qxe2 Qe7 16. Rcc1 Rfe8 17. Qc2 Rac8 18. d5 Qe6 19. f3 Rc7 20. Rce1 b5 21.
fxe4 Qxe4 22. Qxe4 Nxe4 23. Rf4 Nd2 24. Ba2 Nxc4 25. Bxc4 bxc4 26. Rxc4 Re5 27.
e4 Rce7 28. Kf2 f5 29. Kf3 Rxd5 30. exd5 Rxe1 31. b4 cxb4 32. Rxb4 Rd1 33. Ra4
Rxd5 34. Rxa7 Kh7 35. a4 Rd1 36. a5 Ra1 37. a6 Kg6 38. Ra8 Kg5 39. Ke3 Ra4 40.
a7 d5 41. Kd3 d4 42. Kc2 Kf4 43. Kb3 Ra1 44. Kc4 Ra4+ 45. Kb3 Ra1 46. Kc4 Ra4+
47. Kb3 1/2-1/2

[Event "Wch Juvenil 2013 sub-14"]
[Site "Al-Ain UAE"]
[Date "2013.12.18"]
[Round "1.46"]
[White "Abdulla, Al-Hamed"]
[Black "Tran, Minh Thang"]
[Result "0-1"]
[WhiteElo "1627"]
[BlackElo "2062"]
[PlyCount "48"]
[EventDate "2013.12.19"]
[EventType "swiss"]
[EventRounds "11"]
[EventCountry "UAE"]
[Source "lmi"]
[SourceDate "2013.12.19"]

1. e4 c5 2. Nc3 Nc6 3. Bb5 e6 4. Bxc6 bxc6 5. f4 d5 6. d3 Nf6 7. e5 Ng8 8. Nf3
Ne7 9. O-O Nf5 10. Kh1 h5 11. d4 h4 12. Na4 cxd4 13. Nxd4 Ng3+ 14. Kg1 Nxf1 15.
Qxf1 Bd7 16. Nc3 Qb6 17. Nce2 h3 18. g3 c5 19. Nf3 d4 20. Qf2 Bc6 21. b3 Bb7
22. Kf1 Qc6 23. Neg1 Ba6+ 24. Ne2 Qe4 0-1

[Event "Wch Juvenil 2013 sub-14"]
[Site "Al-Ain UAE"]
[Date "2013.12.18"]
[Round "1.47"]
[White "Mohammad, Fahim"]
[Black "Agulhas, Keegan"]
[Result "1-0"]
[WhiteElo "2059"]
[BlackElo "1616"]
[PlyCount "75"]
[EventDate "2013.12.19"]
[EventType "swiss"]
[EventRounds "11"]
[EventCountry "UAE"]
[Source "lmi"]
[SourceDate "2013.12.19"]

1. d4 Nf6 2. Nf3 g6 3. c4 Bg7 4. Nc3 d6 5. e4 O-O 6. Be2 e5 7. Be3 Nc6 8. d5
Ne7 9. Nd2 Nd7 10. Rc1 f5 11. f3 Nf6 12. b4 f4 13. Bf2 g5 14. c5 Ng6 15. Nc4
Rf7 16. cxd6 cxd6 17. Nb5 Bf8 18. Nxa7 Bd7 19. b5 h5 20. b6 g4 21. Na5 Be8 22.
N5c6 Bxc6 23. dxc6 bxc6 24. Nxc6 Qd7 25. Bc4 d5 26. exd5 Bd6 27. Bd3 Ne7 28.
Qb3 Kg7 29. b7 Re8 30. b8=Q Bxb8 31. Nxb8 Qxd5 32. Qxd5 Nexd5 33. Nc6 Rc7 34.
Kd2 Rec8 35. Nxe5 Rxc1 36. Rxc1 Rxc1 37. Kxc1 Nb4 38. Bc4 1-0

[Event "Wch Juvenil 2013 sub-14"]
[Site "Al-Ain UAE"]
[Date "2013.12.18"]
[Round "1.48"]
[White "Pitkar, Ashutosh"]
[Black "Marek, Matyas"]
[Result "1/2-1/2"]
[WhiteElo "1613"]
[BlackElo "2055"]
[PlyCount "93"]
[EventDate "2013.12.19"]
[EventType "swiss"]
[EventRounds "11"]
[EventCountry "UAE"]
[Source "lmi"]
[SourceDate "2013.12.19"]

1. e4 c5 2. Nf3 d6 3. d4 cxd4 4. Nxd4 Nf6 5. Nc3 a6 6. f4 Nbd7 7. Bd3 e6 8. Nf3
e5 9. a3 Be7 10. O-O b5 11. Qe1 O-O 12. Bd2 Bb7 13. Kh1 Re8 14. Qf2 Bf8 15.
Rae1 Qc7 16. fxe5 dxe5 17. Qh4 Be7 18. Qg3 Rad8 19. Nh4 Kh8 20. Nf5 Bf8 21. Bg5
Rc8 22. Qh4 Re6 23. Rf3 Ng8 24. Rh3 h6 25. g4 Nc5 26. Bd2 f6 27. g5 fxg5 28.
Qxg5 Qd7 29. Rg1 Rcc6 30. Qg3 Qf7 31. Qg2 Rg6 32. Rg3 Rxg3 33. Nxg3 Rf6 34. Rf1
Rxf1+ 35. Nxf1 Nf6 36. Ne3 Qd7 37. Ncd5 Nxd3 38. cxd3 Nxd5 39. Nxd5 Bc5 40. Qf3
Qe6 41. Bc3 Bxd5 42. exd5 Qg6 43. Qg3 Qh5 44. Bxe5 Qd1+ 45. Kg2 Qe2+ 46. Kh3
Qh5+ 47. Kg2 1/2-1/2

[Event "Wch Juvenil 2013 sub-14"]
[Site "Al-Ain UAE"]
[Date "2013.12.18"]
[Round "1.49"]
[White "Fedotov, Nikita"]
[Black "Rafili, Said Elchin"]
[Result "0-1"]
[WhiteElo "2045"]
[BlackElo "1611"]
[PlyCount "88"]
[EventDate "2013.12.19"]
[EventType "swiss"]
[EventRounds "11"]
[EventCountry "UAE"]
[Source "lmi"]
[SourceDate "2013.12.19"]

1. d4 Nf6 2. c4 e5 3. dxe5 Ng4 4. Nf3 Bc5 5. e3 Nc6 6. Be2 Ngxe5 7. O-O O-O 8.
Nc3 a5 9. b3 d6 10. Bb2 Re8 11. Nd5 Bf5 12. Nd4 Bxd4 13. exd4 Ng6 14. Qd2 Nce7
15. Ne3 Bd7 16. Bf3 c6 17. g3 Bh3 18. Rfe1 Qd7 19. Bc3 b6 20. Rad1 d5 21. c5
bxc5 22. dxc5 Qc7 23. Nc2 Qa7 24. Bd4 Nf5 25. Qc3 Qd7 26. Rxe8+ Rxe8 27. Qxa5
Nfh4 28. gxh4 Nxh4 29. Qc3 Bg4 30. Bg2 Bxd1 31. Ne3 Bh5 32. a4 Qe6 33. Qd3 f5
34. Bc3 f4 35. Nf1 Qg4 36. Qh3 Qg5 37. Bd2 Bg4 38. Qg3 Nxg2 39. Qxg2 Qf5 40. f3
Bh3 41. Qf2 Re6 42. Qh4 Rg6+ 43. Kf2 Rg2+ 44. Ke1 Qb1+ 0-1

[Event "Wch Juvenil 2013 sub-14"]
[Site "Al-Ain UAE"]
[Date "2013.12.18"]
[Round "1.50"]
[White "Roos, Daniel"]
[Black "Mousseri, Daniel"]
[Result "0-1"]
[WhiteElo "1597"]
[BlackElo "2043"]
[PlyCount "54"]
[EventDate "2013.12.19"]
[EventType "swiss"]
[EventRounds "11"]
[EventCountry "UAE"]
[Source "lmi"]
[SourceDate "2013.12.19"]

1. e4 c5 2. Nf3 d6 3. d4 cxd4 4. Nxd4 Nf6 5. Nc3 a6 6. Be3 e5 7. Nb3 Be6 8. f3
Be7 9. Qd2 O-O 10. O-O-O Nbd7 11. g4 b5 12. g5 b4 13. gxf6 bxc3 14. Qxc3 Nxf6
15. Na5 Qd7 16. Nc6 Rfc8 17. Nxe7+ Qxe7 18. Qd2 d5 19. exd5 Bxd5 20. Be2 Bxa2
21. Qd6 Rxc2+ 22. Kxc2 Rc8+ 23. Bc5 Rxc5+ 24. Qxc5 Qxc5+ 25. Kd2 Bb3 26. Rc1
Qb4+ 27. Ke3 Qd4# 0-1